Spotrebiteľ v centre pozornosti cieľov súťažného práva

Postavenie spotrebiteľa v hospodárskej súťaži. Cieľe súťažného práva.

Salvato in:
Dettagli Bibliografici
Autore principale: Gubíniová, Katarína
Natura: Capitolo di libro
Lingua:slovacco
Soggetti:
Tags: Aggiungi Tag
Nessun Tag, puoi essere il primo ad aggiungerne!!

MARC

LEADER 00000naa a2200000 4500
001 0181589
005 20220722103819.2
041 0 |a slo 
044 |a SK 
245 1 0 |a Spotrebiteľ v centre pozornosti cieľov súťažného práva  |c Katarína Gubíniová 
520 |a Postavenie spotrebiteľa v hospodárskej súťaži. Cieľe súťažného práva. 
610 2 0 |a konkurencia 
610 2 0 |a právo protimonopolné 
610 2 0 |a spotrebitelia 
610 2 0 |a súťaž hospodárska 
100 1 |a Gubíniová, Katarína